000 00724nab a2200229u 4500
001 18298
003 HDC
007 c| |||a|c|aaaa
008 210225b20100625my ||||o |||| 00| 0 eng d
040 _aHDC
245 0 _aHalal season' is here but long slog to global embrace
336 _atext
_2rdacontent
337 _acomputer
_2rdamedia
338 _aonline resource
_2rdacarrier
650 _ahalal market
_9582
650 _ahalal season
_917239
710 _aThe Brunei Times
856 _zRequest full-text at [email protected]
942 _2lcc
942 _cNEWS
942 _kNWS0 003496
999 _c15614
_d15614